000 01000nam a22002777a 4500
001 5425
003 FISKH
005 20241204161002.0
008 241204b cb ||||| |||| 00| 0 eng d
020 _a9780439368308
040 _aFISKH
_beng
_cFISKH
_dFISKH
050 _aPZ7.P52112
082 _a813.54
100 _aPhilbrick, Rodman
245 _aThe Young Man And The Sea /
_cby Rodman Philbrick
250 _aFirst Scholastic paperback printing, March 2005
260 _aNew York :
_bScholastic ;
_c2004.
300 _a192 pages :
_billustrations;
_c20 cm .
505 _aS
520 _aAfter his mother's death, twelve-year-old Skiff Beaman decides that it is up to him to earn money to take care of himself and his father, so he undertakes a dangerous trip alone out on the ocean off the coast of Maine to try to catch a huge bluefin tuna.
521 8 _a800
_bLexile
521 8 _aS
_bRaz-Plus
650 _aocean
_vFiction
942 _2ddc
_cBK
_n0
999 _c5425
_d5425